000 00307nam a22001457a 4500
008 210311b ||||| |||| 00| 0 eng d
020 _a9780838419021
041 _aeng
080 _a82
082 _a82
100 _a21
101 _aGJL
245 _aMore Grammar Practice
_cCindy, L
942 _2udc
_cBK
999 _c56288
_d56288